Statistics for Pokemon that start with e

Click here to take the quiz!

General Stats

  • This quiz has been taken 8 times
  • The average score is 14 of 26

Answer Stats

HintAnswer% Correct
Gen IIElekid
100%
Gen IExeggcute
100%
Gen IExeggutor
100%
Gen IEevee
86%
Gen IIEntei
86%
Gen VEelektross
71%
Gen IVElectivire
71%
Gen VEelektrik
57%
Gen IEkans
57%
Gen IElectabuzz
57%
Gen IElectrode
57%
Gen IIEspeon
57%
Gen VExcadrill
57%
Gen VIIIEldegoss
43%
Gen IIIElektrike
43%
Gen VEmolga
43%
Gen IVEmpoleon
43%
Gen VEscavalier
43%
Gen VEspurr
43%
Gen VIIIEiscue
29%
Gen VElgyem
29%
Gen VEmboar
29%
Gen VIIIEnamorus
29%
Gen VIIIEternatus
29%
Gen IIIExploud
29%
Gen IXEsparthra
0%

Score Distribution

Percentile by Number Answered

Percent of People with Each Score

Your Score History

You have not taken this quiz